Loading...
Fine Arts - Painting & Sculpture | 0 | 7 | 0 | 0 | 70 | 41 | 86.29 | 2 | 7 |
Literature - British Literature | 0 | 3 | 0 | 0 | 30 | 83 | 105.33 | 1 | 3 |
History - American History | 0 | 2 | 0 | 0 | 20 | 47 | 57.50 | 2 | 2 |
History - Other History | 0 | 2 | 1 | 1 | 15 | 76 | 102.00 | 0 | 2 |
Mythology | 0 | 2 | 1 | 0 | 15 | 91 | 105.00 | 1 | 2 |
Science - Other Science | 0 | 1 | 0 | 0 | 10 | 73 | 73.00 | 1 | 1 |
Fine Arts - Other Fine Arts | 0 | 1 | 0 | 0 | 10 | 90 | 90.00 | 1 | 1 |
History - European History | 0 | 2 | 2 | 1 | 10 | 57 | 101.00 | 0 | 2 |
Literature - American Literature | 0 | 1 | 0 | 0 | 10 | 81 | 81.00 | 1 | 1 |
Literature - World Literature | 0 | 1 | 0 | 0 | 10 | 78 | 78.00 | 1 | 1 |
Religion | 0 | 1 | 0 | 0 | 10 | 64 | 64.00 | 1 | 1 |
Fine Arts - Classical Music | 0 | 1 | 0 | 0 | 10 | 92 | 92.00 | 0 | 1 |
Other | 0 | 1 | 0 | 0 | 10 | 65 | 65.00 | 0 | 1 |
Literature - European Literature | 0 | 0 | 1 | 0 | -5 | 0.00 | 0 | 0 | |
Science - Biology | 0 | 0 | 1 | 0 | -5 | 0.00 | 0 | 0 |